[Event "Herforder SV Königsspringer 1 - SK Sodi"]
[Site "NRW-Klasse, Gruppe 2 2015/201"]
[Date "2016.01.10"]
[Round "5.7"]
[White "Hille, Ralph Ingo"]
[Black "Quelle, Helmut"]
[Result "1-0"]
[WhiteElo "2043"]
[BlackElo "2098"]
[PlyCount "119"]
[EventDate "2016.??.??"]
[WhiteTeam "SK Sodingen / Castrop 1"]
[BlackTeam "Herforder SV Königsspringer 1"]

1. b3 Nf6 2. Bb2 g6 3. g3 Bg7 4. Bg2 O-O 5. Nf3 d6 6. d4 Nbd7 7. O-O c6 8. Nbd2
Qc7 9. e4 Rd8 10. Re1 e5 11. dxe5 Nxe5 12. h3 Nh5 13. Nxe5 Bxe5 14. Nc4 Bxb2
15. Nxb2 Be6 16. c4 Qd7 17. Kh2 Ng7 18. Nd3 a5 19. Qc2 Qc7 20. Rad1 Qb6 21. Rd2
a4 22. Nf4 axb3 23. axb3 Ra3 24. Re3 Rda8 25. Red3 g5 26. Ne2 d5 27. c5 Qa5 28.
Nc1 dxe4 29. Bxe4 Bf5 30. Bxf5 Nxf5 31. Rd7 Ng7 32. Rxb7 Ne6 33. b4 Qa6 34.
Rbd7 Rf3 35. Kg2 Rf6 36. Qc3 Qa1 37. Ne2 Qxc3 38. Nxc3 Rb8 39. Ne4 Rf5 40. Nd6
Rf6 41. Rb7 Rxb7 42. Nxb7 Nc7 43. Rd6 Kg7 44. Nd8 Nb5 45. Rxc6 Rxc6 46. Nxc6
Kf6 47. Kf3 Ke6 48. Ke4 f5+ 49. Kd3 Kd5 50. Ne7+ Ke6 51. Nc8 Ke5 52. Nd6 Nc7
53. Kc4 f4 54. b5 f3 55. b6 Nd5 56. b7 Ne3+ 57. Kb5 Nd1 58. Nf7+ Kf6 59. Nxg5
Kxg5 60. b8=Q 1-0

[Event "Herforder SV Königsspringer 1 - SK Sodi"]
[Site "NRW-Klasse, Gruppe 2 2015/201"]
[Date "2016.01.10"]
[Round "5.8"]
[White "Bentel, Robin"]
[Black "Ribbeheger, Edgar"]
[Result "0-1"]
[WhiteElo "2035"]
[BlackElo "2020"]
[PlyCount "58"]
[EventDate "2016.??.??"]
[WhiteTeam "Herforder SV Königsspringer 1"]
[BlackTeam "SK Sodingen / Castrop 1"]

1. e4 d6 2. g3 c5 3. Bg2 Nc6 4. d3 g6 5. Nf3 Bg7 6. O-O Bg4 7. h3 Bxf3 8. Bxf3
Nf6 9. Nd2 Rb8 10. Bg2 b5 11. f4 Qb6 12. Kh2 O-O 13. Nf3 Nd7 14. h4 e6 15. f5
exf5 16. exf5 Nd4 17. Ng5 Nxf5 18. Bh3 d5 19. Bxf5 gxf5 20. Rxf5 Qg6 21. Qg4
Nf6 22. Qf3 Rbe8 23. Bd2 Re2+ 24. Qxe2 Qxf5 25. Rf1 Qe5 26. Qxe5 Ng4+ 27. Kg2
Bxe5 28. Rf5 f6 29. Kh3 Nh6 0-1

[Event "SV Sundern 1 - Ratinger SK 1"]
[Site "NRW-Klasse, Gruppe 2 2015/201"]
[Date "2016.01.10"]
[Round "5.1"]
[White "Preuschoff, Michael"]
[Black "Voiteanu, Christian Gabriel"]
[Result "0-1"]
[WhiteElo "2153"]
[BlackElo "2250"]
[Annotator "Hausrath,Daniel"]
[PlyCount "65"]
[EventDate "2016.??.??"]
[WhiteTeam "Ratinger SK 1"]
[BlackTeam "SV Sundern 1"]

1. Nf3 Nf6 2. c4 e6 3. d4 d5 4. e3 Be7 5. b3 O-O 6. Bd3 b6 7. O-O Bb7 8. Bb2 c5
9. Nbd2 Nbd7 10. Qe2 Ne4 11. Rfd1 Bf6 12. Nf1 Qc7 13. Rac1 Rac8 14. Ng3 Nxg3
15. hxg3 Rfe8 16. g4 dxc4 17. Bxc4 Bc6 18. Bc3 Rcd8 19. Qe1 Qb7 20. Be2 cxd4
21. Bxd4 e5 22. Ba1 h6 23. b4 e4 24. Nd4 Ba4 25. Rd2 Ne5 26. Nf5 Rxd2 27. Qxd2
Rd8 28. Bd4 Nc6 29. b5 Nxd4 30. Nxd4 Qd7 31. Qb4 Bxd4 32. Qxa4 Bf6 33. Rc2 {
Rest unleserlich!} 0-1

[Event "SV Sundern 1 - Ratinger SK 1"]
[Site "NRW-Klasse, Gruppe 2 2015/201"]
[Date "2016.01.10"]
[Round "5.2"]
[White "Stolte, Alexander"]
[Black "Welzel, Philipp"]
[Result "0-1"]
[WhiteElo "2168"]
[BlackElo "2141"]
[PlyCount "104"]
[EventDate "2016.??.??"]
[WhiteTeam "SV Sundern 1"]
[BlackTeam "Ratinger SK 1"]

1. c4 Nf6 2. Nc3 g6 3. e4 d6 4. d4 Bg7 5. Nf3 O-O 6. h3 e5 7. d5 a5 8. g4 Nfd7
9. Rg1 Na6 10. Be3 Nac5 11. Qc2 Nb6 12. O-O-O Kh8 13. Nd2 Bf6 14. g5 Be7 15. h4
f5 16. exf5 Bxf5 17. Nde4 Nba4 18. Bxc5 Nxc5 19. Bd3 Nxd3+ 20. Rxd3 Qd7 21. Qe2
Rf7 22. Rdg3 Raf8 23. h5 gxh5 24. Qxh5 Bg6 25. Qg4 Qxg4 26. Rxg4 Rf3 27. Kd2
Kg7 28. R4g3 R3f4 29. Ke3 Rh4 30. Rg4 Rf4 31. Rxf4 exf4+ 32. Kd4 Bf5 33. Nb5
Kg6 34. f3 Bd8 35. c5 Rh2 36. cxd6 cxd6 37. Nbxd6 Bb6+ 38. Nc5 Rd2+ 39. Ke5
Bxc5 40. Rh1 Bd4+ 41. Kxf4 Bd7 42. Nc4 Re2 43. Rh6+ Kg7 44. Rd6 Re7 45. Rxd7
Rxd7 46. Ke4 Bc5 47. f4 Re7+ 48. Kf5 Kf7 49. d6 Re2 50. Ne5+ Ke8 51. Ke6 Bd4
52. d7+ Kd8 0-1

[Event "SV Sundern 1 - Ratinger SK 1"]
[Site "NRW-Klasse, Gruppe 2 2015/201"]
[Date "2016.01.10"]
[Round "5.3"]
[White "Dinescu, Adrian"]
[Black "Plass, Heinz"]
[Result "1/2-1/2"]
[WhiteElo "2136"]
[BlackElo "2043"]
[PlyCount "93"]
[EventDate "2016.??.??"]
[WhiteTeam "Ratinger SK 1"]
[BlackTeam "SV Sundern 1"]

1. e4 c5 2. Nf3 d6 3. d4 cxd4 4. Nxd4 Nf6 5. Nc3 a6 6. Be2 e5 7. Nb3 Be7 8. O-O
O-O 9. Be3 Be6 10. a4 Nbd7 11. a5 Nc5 12. Bf3 Nxb3 13. cxb3 Rc8 14. Na4 Nd7 15.
b4 Bc4 16. Re1 d5 17. Nb6 Bxb4 18. Nxc8 Bxe1 19. Qxe1 Qxc8 20. exd5 Qb8 21. Qb4
Bb5 22. Rc1 b6 23. axb6 Nxb6 24. d6 Rc8 25. Rd1 Rd8 26. Qc5 Nc4 27. Qc7 Qc8 28.
Bg5 f6 29. Bd5+ Kh8 30. Qxc8 Rxc8 31. Bxc4 Bxc4 32. Be3 Be6 33. h3 Rd8 34. Bb6
Rd7 35. Bc7 Bc4 36. f4 exf4 37. Rd4 Bb5 38. Rxf4 Kg8 39. Kf2 Kf7 40. Ke3 Ke6
41. Kd4 Rf7 42. Kc5 Kd7 43. g3 f5 44. h4 g6 45. Kd5 Rf6 46. g4 Bc6+ 47. Kc5
1/2-1/2

[Event "SV Sundern 1 - Ratinger SK 1"]
[Site "NRW-Klasse, Gruppe 2 2015/201"]
[Date "2016.01.10"]
[Round "5.4"]
[White "Plass, Mariana-Camelia"]
[Black "Springer, Ralf"]
[Result "1/2-1/2"]
[WhiteElo "2012"]
[BlackElo "2097"]
[PlyCount "36"]
[EventDate "2016.??.??"]
[WhiteTeam "SV Sundern 1"]
[BlackTeam "Ratinger SK 1"]

1. d4 Nf6 2. c4 b6 3. Nc3 Bb7 4. Nf3 g6 5. g3 Bg7 6. Bg2 O-O 7. O-O d6 8. d5
Qc8 9. e4 Nfd7 10. Be3 a5 11. Qd2 Na6 12. Bh6 Nac5 13. Bxg7 Kxg7 14. b3 e5 15.
dxe6 fxe6 16. Nd4 e5 17. Nc2 Nf6 18. f3 Qe6 1/2-1/2

[Event "SV Sundern 1 - Ratinger SK 1"]
[Site "NRW-Klasse, Gruppe 2 2015/201"]
[Date "2016.01.10"]
[Round "5.5"]
[White "Busch, Christian"]
[Black "Tillmann, Markus"]
[Result "1/2-1/2"]
[WhiteElo "2129"]
[BlackElo "2098"]
[Annotator "Hausrath,Daniel"]
[PlyCount "112"]
[EventDate "2016.??.??"]
[WhiteTeam "Ratinger SK 1"]
[BlackTeam "SV Sundern 1"]

1. d4 Nf6 2. Nf3 e6 3. c4 c5 4. e3 Be7 5. Be2 O-O 6. O-O b6 7. Nc3 Na6 8. a3
Bb7 9. Qa4 Nc7 10. Ne5 cxd4 11. exd4 a6 12. Bg5 b5 13. cxb5 axb5 14. Qb3 d6 15.
Nf3 Rb8 16. Rfc1 Ne4 17. Bxe7 Qxe7 18. Nxb5 Nd5 19. a4 g5 20. Bd3 f5 21. Qa3
Nf4 22. Rc2 g4 23. Ne1 Nxd3 24. Qxd3 Rbc8 25. Rac1 Qh4 26. g3 Qh6 27. Rxc8 Rxc8
28. Rxc8+ Bxc8 29. Qe3 Qf6 30. f3 gxf3 31. Nxf3 Bb7 32. Nc3 h6 33. Nxe4 Bxe4
34. Nd2 Bd5 35. b4 Qg6 36. Nf3 Qe8 37. b5 Qa8 38. Qxh6 Bxf3 39. Qg6+ Kf8 $11
40. Qf6+ Kg8 41. Qxe6+ Kg7 42. Qe7+ Kg6 43. Qe6+ Kg7 44. Qe7+ Kg8 45. Qg5+ Kf7
46. Qxf5+ Ke7 47. Qg5+ Ke6 48. Qe3+ Be4 49. a5 Kd5 50. a6 Qb8 51. Kf2 Qc7 52.
Qb3+ Kxd4 53. b6 Qc1 54. Qb4+ Ke5 55. b7 Qc2+ 56. Ke1 Qc1+ 1/2-1/2

[Event "SV Sundern 1 - Ratinger SK 1"]
[Site "NRW-Klasse, Gruppe 2 2015/201"]
[Date "2016.01.10"]
[Round "5.6"]
[White "Schulte, Josef"]
[Black "Liedtke, Dirk"]
[Result "1/2-1/2"]
[WhiteElo "1888"]
[BlackElo "2126"]
[PlyCount "23"]
[EventDate "2016.??.??"]
[WhiteTeam "SV Sundern 1"]
[BlackTeam "Ratinger SK 1"]

1. d4 Nf6 2. c4 g6 3. Nc3 Bg7 4. e4 O-O 5. f4 c5 6. d5 e6 7. Be2 exd5 8. exd5
d6 9. Nf3 Bf5 10. O-O Re8 11. Bd3 Qd7 12. Qc2 1/2-1/2

[Event "SV Sundern 1 - Ratinger SK 1"]
[Site "NRW-Klasse, Gruppe 2 2015/201"]
[Date "2016.01.10"]
[Round "5.7"]
[White "Graeber, Ralf"]
[Black "Kevekordes, Peter"]
[Result "1-0"]
[WhiteElo "2104"]
[BlackElo "1869"]
[Annotator "Hausrath,Daniel"]
[PlyCount "67"]
[EventDate "2016.??.??"]
[WhiteTeam "Ratinger SK 1"]
[BlackTeam "SV Sundern 1"]

1. Nf3 d5 2. g3 c6 3. Bg2 Nf6 4. O-O h6 5. c4 dxc4 6. Na3 Be6 7. Qc2 Qd5 8. Rd1
Nbd7 9. d3 cxd3 10. Rxd3 Qc5 11. Qd1 Ng4 12. Nd4 Rd8 13. Bf4 Nde5 14. Bxe5 Qxe5
15. Nxe6 Rxd3 16. Qxd3 Qxe6 17. Rd1 Qd6 18. Qb3 Qc7 $11 19. Qa4 Nf6 20. Qxa7
Qc8 21. Nb5 Nd7 22. Nc7+ Kd8 23. Na8 Ke8 24. Rd3 e6 25. Nb6 Qb8 26. Qa5 Bd6 27.
Nc4 Bc7 28. Qc3 f6 29. Bh3 Ke7 30. Re3 e5 31. Qd3 Rd8 32. Qg6 Rg8 33. Bxd7 Kxd7
34. Qf7+ 1-0

[Event "SV Sundern 1 - Ratinger SK 1"]
[Site "NRW-Klasse, Gruppe 2 2015/201"]
[Date "2016.01.10"]
[Round "5.8"]
[White "Schober, Ralf"]
[Black "Gatterer, Matthias"]
[Result "1/2-1/2"]
[WhiteElo "1964"]
[BlackElo "2050"]
[PlyCount "33"]
[EventDate "2016.??.??"]
[WhiteTeam "SV Sundern 1"]
[BlackTeam "Ratinger SK 1"]

1. d4 d5 2. Nf3 Nf6 3. e3 c5 4. b3 Nc6 5. Bd3 Bg4 6. Bb2 e6 7. Nbd2 Bd6 8. h3
Bh5 9. g4 Bg6 10. Ne5 Bxd3 11. Nxc6 bxc6 12. dxc5 Bxc5 13. cxd3 O-O 14. Nf3 Be7
15. Ne5 Rc8 16. O-O Nd7 17. Qd2 1/2-1/2

[Event "SF Neuenkirchen 1 - SG Bochum 2"]
[Site "NRW-Klasse, Gruppe 2 2015/201"]
[Date "2016.01.10"]
[Round "5.1"]
[White "Kotainy, Jens"]
[Black "Wilde, Pierre"]
[Result "1/2-1/2"]
[WhiteElo "2326"]
[BlackElo "2235"]
[PlyCount "40"]
[EventDate "2016.??.??"]
[WhiteTeam "SG Bochum 2"]
[BlackTeam "SF Neuenkirchen 1"]

1. e4 e6 2. Qe2 c5 3. Nf3 Nc6 4. g3 d6 5. Bg2 g6 6. O-O Bg7 7. c3 Nge7 8. d3
O-O 9. Be3 b6 10. d4 cxd4 11. Nxd4 Nxd4 12. cxd4 d5 13. Nc3 Bb7 14. e5 Nf5 15.
Bh3 Rc8 16. Qd2 f6 17. f4 Qd7 18. Rfe1 fxe5 19. fxe5 Ba6 20. Rac1 Rf7 1/2-1/2

[Event "SF Neuenkirchen 1 - SG Bochum 2"]
[Site "NRW-Klasse, Gruppe 2 2015/201"]
[Date "2016.01.10"]
[Round "5.3"]
[White "Schlawin, Marlon"]
[Black "Rieke, Theo"]
[Result "1-0"]
[WhiteElo "2252"]
[BlackElo "1970"]
[PlyCount "45"]
[EventDate "2016.??.??"]
[WhiteTeam "SG Bochum 2"]
[BlackTeam "SF Neuenkirchen 1"]

1. e4 e5 2. Nf3 Nc6 3. Bc4 Nf6 4. d3 Bc5 5. O-O O-O 6. c3 a6 7. d4 Be7 8. d5
Nb8 9. Nxe5 d6 10. Nf3 Nxe4 11. Re1 Nf6 12. Nbd2 Nbd7 13. Nf1 Nb6 14. Bb3 Bf5
15. Ng3 Bg6 16. Nh4 Qd7 17. Qf3 Rfe8 18. Nhf5 Bf8 19. Bg5 Rxe1+ 20. Rxe1 Re8
21. Rd1 Bxf5 22. Nxf5 Re5 23. Nh6+ 1-0

[Event "SF Neuenkirchen 1 - SG Bochum 2"]
[Site "NRW-Klasse, Gruppe 2 2015/201"]
[Date "2016.01.10"]
[Round "5.4"]
[White "Buendgen, Achim"]
[Black "Tkachuk, Konstantyn"]
[Result "1/2-1/2"]
[WhiteElo "2137"]
[BlackElo "2247"]
[PlyCount "96"]
[EventDate "2016.??.??"]
[WhiteTeam "SF Neuenkirchen 1"]
[BlackTeam "SG Bochum 2"]

1. e4 c5 2. b3 Nc6 3. Bb2 e6 4. Nf3 d6 5. d4 cxd4 6. Nxd4 Nf6 7. Nxc6 bxc6 8.
e5 dxe5 9. Qxd8+ Kxd8 10. Bxe5 Bb4+ 11. c3 Bc5 12. Be2 Ke7 13. Nd2 Bd6 14.
Bxd6+ Kxd6 15. O-O-O Kc7 16. Bf3 Ba6 17. Ne4 Nxe4 18. Bxe4 Rad8 19. f4 h6 20.
h4 Be2 21. Rxd8 Rxd8 22. Re1 Bg4 23. Bc2 Kb6 24. Re3 Kc5 25. Rg3 h5 26. b4+ Kb6
27. Re3 Rd5 28. Bb3 Rd7 29. g3 Rd8 30. Bc2 Rd5 31. Rd3 Kc7 32. Kd2 Kd6 33. Bb3
Rxd3+ 34. Kxd3 c5 35. a4 Bf3 36. b5 g6 37. a5 Bg2 38. Ba4 Bf1+ 39. Ke3 Bg2 40.
Bc2 Bf1 41. Bd3 Bg2 42. Be4 Bf1 43. Bc6 Bc4 44. Be8 Ke7 45. Bc6 Kd6 46. Kd2 Bd5
47. Bxd5 exd5 48. Ke3 f5 1/2-1/2

[Event "SF Neuenkirchen 1 - SG Bochum 2"]
[Site "NRW-Klasse, Gruppe 2 2015/201"]
[Date "2016.01.10"]
[Round "5.5"]
[White "Dahm, Jochen"]
[Black "Seegers, Hendrik"]
[Result "1-0"]
[WhiteElo "2199"]
[BlackElo "2130"]
[PlyCount "145"]
[EventDate "2016.??.??"]
[WhiteTeam "SG Bochum 2"]
[BlackTeam "SF Neuenkirchen 1"]

1. e4 d5 2. exd5 Nf6 3. c4 c6 4. d4 cxd5 5. Nc3 e6 6. Nf3 Be7 7. Bd3 dxc4 8.
Bxc4 O-O 9. O-O Nbd7 10. Qd3 b6 11. Bg5 Bb7 12. Rad1 Nd5 13. Bxd5 Bxd5 14. Bxe7
Qxe7 15. Nxd5 exd5 16. Rfe1 Qd6 17. Qa6 Nf6 18. Rc1 Ne4 19. Re2 h6 20. a3 Qf4
21. Rce1 Qc7 22. Qb5 Rfd8 23. Ne5 Rac8 24. f3 Nd6 25. Qd3 Re8 26. g3 f6 27. Ng4
Rxe2 28. Rxe2 Qc4 29. Nxf6+ Kf7 30. Qxc4 Rxc4 31. Nxd5 Rxd4 32. Ne3 Rd3 33. Kf2
Nb5 34. Ng4 Rb3 35. Ne5+ Kf6 36. Ng4+ Kf7 37. Rd2 Ke6 38. Ne3 Nd6 39. g4 g5 40.
Re2 Kf7 41. Rd2 Ke6 42. Re2 Kf7 43. Kg3 b5 44. h4 a5 45. h5 Rd3 46. Nf5 Nxf5+
47. gxf5 Kf6 48. Kg4 Rd6 49. Re4 Rc6 50. f4 gxf4 51. Kxf4 Rc2 52. Re6+ Kg7 53.
b4 axb4 54. axb4 Rb2 55. Rg6+ Kf7 56. Rxh6 Rxb4+ 57. Kg5 Rb1 58. Rh7+ Kg8 59.
Rb7 b4 60. Kg6 Rg1+ 61. Kf6 Rh1 62. Rxb4 Kh7 63. Rg4 Rxh5 64. Ke6 Rh1 65. Kf7
Kh6 66. Rg6+ Kh7 67. Rg2 Kh8 68. f6 Rh7+ 69. Kf8 Rh1 70. f7 Kh7 71. Re2 Ra1 72.
Rh2+ Kg6 73. Kg8 1-0

[Event "SF Neuenkirchen 1 - SG Bochum 2"]
[Site "NRW-Klasse, Gruppe 2 2015/201"]
[Date "2016.01.10"]
[Round "5.6"]
[White "Haves, Reinhard"]
[Black "Kitte, Sebastian"]
[Result "1/2-1/2"]
[WhiteElo "2113"]
[BlackElo "2190"]
[PlyCount "121"]
[EventDate "2016.??.??"]
[WhiteTeam "SF Neuenkirchen 1"]
[BlackTeam "SG Bochum 2"]

1. Nf3 c5 2. c4 g6 3. Nc3 Bg7 4. e3 Nf6 5. d4 cxd4 6. exd4 d5 7. Bg5 Be6 8. Qb3
dxc4 9. Bxc4 Bxc4 10. Qxc4 O-O 11. O-O Nbd7 12. Qb3 Qb6 13. Rfe1 e6 14. Ne5 h6
15. Bxf6 Nxf6 16. Qxb6 axb6 17. Nc4 Rfd8 18. Nxb6 Ra6 19. Nc4 Rxd4 20. Ne3 Ne4
21. Nxe4 Rxe4 22. Re2 Rb4 23. Nd1 Rd4 24. Kf1 Rd3 25. Rc2 Be5 26. Ke2 Rd4 27.
Nc3 Kg7 28. Rd1 Rc4 29. Rd7 b5 30. a3 Bxc3 31. bxc3 Rxa3 32. Kd3 Rc5 33. Rb7
Rb3 34. f4 h5 35. g3 Rd5+ 36. Ke2 Rc5 37. Kd3 b4 38. Rxb4 Rcxc3+ 39. Rxc3 Rxb4
40. Rc2 Kf6 41. Ke3 Kf5 42. Kf3 Rb3+ 43. Kg2 f6 44. Re2 Rb6 45. Kf3 g5 46. fxg5
Kxg5 47. Ra2 Rb5 48. Ra8 Rb3+ 49. Kg2 Rb2+ 50. Kg1 e5 51. h3 Rb7 52. Rg8+ Kf5
53. Rh8 Kg6 54. Kg2 e4 55. Re8 Rb2+ 56. Kg1 Kf5 57. Rh8 Kg6 58. Re8 Kf5 59. Rh8
Kg6 60. Re8 Kf5 61. Rh8 1/2-1/2

[Event "SF Neuenkirchen 1 - SG Bochum 2"]
[Site "NRW-Klasse, Gruppe 2 2015/201"]
[Date "2016.01.10"]
[Round "5.7"]
[White "Werthebach, Felix"]
[Black "Hachmeister, Dirk"]
[Result "1/2-1/2"]
[WhiteElo "2140"]
[BlackElo "2154"]
[PlyCount "121"]
[EventDate "2016.??.??"]
[WhiteTeam "SG Bochum 2"]
[BlackTeam "SF Neuenkirchen 1"]

1. c4 Nf6 2. g3 c5 3. Bg2 e6 4. Nc3 a6 5. e4 d6 6. Nge2 Qc7 7. O-O Nbd7 8. b3
Rb8 9. a4 b6 10. d4 cxd4 11. Nxd4 Bb7 12. Bb2 Be7 13. h3 O-O 14. Kh2 Rfe8 15.
Rc1 Rbc8 16. Re1 Qb8 17. f4 Nf8 18. Qe2 N6d7 19. Rcd1 Nc5 20. e5 dxe5 21. fxe5
Red8 22. Ne4 Nxe4 23. Bxe4 Rd7 24. Qf3 Bxe4 25. Qxe4 Qc7 26. Rd3 Ng6 27. h4 Bb4
28. Re2 h5 29. Nxe6 fxe6 30. Qxg6 Rxd3 31. Qxd3 Rf8 32. Bd4 Bc5 33. Bxc5 Qxc5
34. Qe3 Qc6 35. Rf2 Rxf2+ 36. Qxf2 Qe4 37. Qxb6 Qe2+ 38. Kg1 Qe1+ 39. Kg2 Qxe5
40. Qd8+ Kf7 41. Qd7+ Kg8 42. Qd3 a5 43. Qf3 Qb2+ 44. Kh3 Qe5 45. g4 hxg4+ 46.
Kxg4 Kh7 47. Qd3+ Kg8 48. h5 Qe1 49. Kf4 Qh4+ 50. Ke5 Qf6+ 51. Ke4 Qf5+ 52. Kd4
Qxh5 53. Qe4 Qd1+ 54. Kc5 Qxb3 55. Qxe6+ Kh7 56. Kd6 Qb6+ 57. Kd5 Qb7+ 58. Ke5
Qb2+ 59. Kf5 Qc2+ 60. Qe4 g6+ 61. Ke5 1/2-1/2

[Event "SF Neuenkirchen 1 - SG Bochum 2"]
[Site "NRW-Klasse, Gruppe 2 2015/201"]
[Date "2016.01.10"]
[Round "5.8"]
[White "Beckmann, Klaus"]
[Black "Tkachuk, Sergij"]
[Result "1/2-1/2"]
[WhiteElo "2069"]
[BlackElo "2107"]
[PlyCount "66"]
[EventDate "2016.??.??"]
[WhiteTeam "SF Neuenkirchen 1"]
[BlackTeam "SG Bochum 2"]

1. e4 c5 2. Nf3 d6 3. c3 Nf6 4. Be2 e5 5. O-O Be7 6. Bb5+ Nbd7 7. Re1 O-O 8. d4
a6 9. Bf1 b6 10. Nbd2 Bb7 11. d5 b5 12. a4 Qb6 13. b3 Ne8 14. c4 b4 15. Bd3 g6
16. g4 Ng7 17. Kg2 Rae8 18. Nf1 f6 19. Ng3 Rf7 20. h3 Bc8 21. Ra2 Ref8 22. Bh6
Qd8 23. Nh2 Nb6 24. f3 Na8 25. Rf2 Nc7 26. Ref1 a5 27. Rg1 Kh8 28. Qc2 Bd7 29.
Rff1 Rg8 30. Kf2 Nge8 31. Be3 Ng7 32. Bh6 Nge8 33. Be3 Ng7 1/2-1/2

[Event "SF Lieme 1 - SG Niederkassel 1"]
[Site "NRW-Klasse, Gruppe 2 2015/201"]
[Date "2016.01.10"]
[Round "5.1"]
[White "Wigger, Jochen"]
[Black "Himpenmacher, Andy"]
[Result "1-0"]
[WhiteElo "2256"]
[BlackElo "2182"]
[PlyCount "141"]
[EventDate "2016.??.??"]
[WhiteTeam "SG Niederkassel 1"]
[BlackTeam "SF Lieme 1"]

1. b3 d5 2. Bb2 c5 3. e3 Nf6 4. Nf3 Nc6 5. Bb5 Qb6 6. Qe2 Bd7 7. O-O e6 8. Bxc6
Bxc6 9. Ne5 Bd6 10. d3 Qc7 11. f4 O-O 12. Nxc6 bxc6 13. Bxf6 gxf6 14. Nd2 f5
15. g3 Kh8 16. e4 fxe4 17. dxe4 e5 18. Rae1 f6 19. f5 Rad8 20. Kh1 Rd7 21. Nf3
Rg8 22. Rd1 Bf8 23. Nh4 Qd8 24. Qa6 dxe4 25. Rxd7 Qxd7 26. Qe2 Be7 27. Rd1 Qc7
28. Qxe4 Rd8 29. Rxd8+ Qxd8 30. Qxc6 Qd1+ 31. Kg2 Qxc2+ 32. Kh3 Kg7 33. Qe8 Bf8
34. Qd7+ Kg8 35. Qe6+ Kg7 36. Qd7+ Kg8 37. Ng2 Qe4 38. Qe6+ Kg7 39. Qd7+ Kg8
40. Nh4 Qc2 41. Qxa7 Qd3 42. Qa4 Qf1+ 43. Ng2 Kh8 44. Qe4 Qd1 45. Ne3 Qd4 46.
Qa8 Kg7 47. Ng4 Qd7 48. Qf3 Qe8 49. Qb7+ Be7 50. Kh4 h5 51. Ne3 Kh6 52. Qf3 Bd8
53. Nd5 Qf7 54. h3 Kg7 55. a4 Ba5 56. Qd3 Bd8 57. Ne3 Kh7 58. Qd1 Kh6 59. g4
Qg7 60. Kg3 Qg5 61. Qf3 Bc7 62. Kg2 Qh4 63. Nd5 Bd8 64. Qg3 Qg5 65. Qe3 hxg4
66. hxg4 e4 67. Kf2 Ba5 68. Qxg5+ Kxg5 69. Ke3 Kxg4 70. Kxe4 Kg5 71. Ne7 1-0

[Event "SF Lieme 1 - SG Niederkassel 1"]
[Site "NRW-Klasse, Gruppe 2 2015/201"]
[Date "2016.01.10"]
[Round "5.2"]
[White "Schmitz, Philipp"]
[Black "Bussard, Christian"]
[Result "1/2-1/2"]
[WhiteElo "2143"]
[BlackElo "2156"]
[PlyCount "94"]
[EventDate "2016.??.??"]
[WhiteTeam "SF Lieme 1"]
[BlackTeam "SG Niederkassel 1"]

1. e4 e5 2. Nf3 d6 3. d4 exd4 4. Nxd4 Nf6 5. Nc3 Be7 6. Bf4 O-O 7. Be2 Re8 8.
O-O Bf8 9. Bf3 Nbd7 10. Re1 Ne5 11. Nd5 c6 12. Nc3 Qb6 13. Nb3 Be6 14. Be3 Qc7
15. Nd4 h6 16. a4 Qd7 17. Bf4 Nxf3+ 18. Qxf3 Bg4 19. Qd3 Bh5 20. Nf5 d5 21.
exd5 Nxd5 22. Nxd5 cxd5 23. Ne3 Bg6 24. Qxd5 Qxd5 25. Nxd5 Rxe1+ 26. Rxe1 Bxc2
27. a5 Rd8 28. Ne3 Bb3 29. h3 Bb4 30. a6 bxa6 31. Ra1 Bd6 32. Bxd6 Rxd6 33. Ra3
Be6 34. f4 Rb6 35. f5 Bb3 36. Kf2 f6 37. Ke2 Bf7 38. Kd3 Rxb2 39. Rxa6 Ra2 40.
Rc6 a5 41. Rc8+ Kh7 42. Rc7 Bg8 43. g4 Rh2 44. Ra7 Rxh3 45. Rxa5 Bc4+ 46. Ke4
Be2 47. Ra7 Rxe3+ 1/2-1/2

[Event "SF Lieme 1 - SG Niederkassel 1"]
[Site "NRW-Klasse, Gruppe 2 2015/201"]
[Date "2016.01.10"]
[Round "5.3"]
[White "Schienmann, Bruno"]
[Black "Wittke, Rene"]
[Result "0-1"]
[WhiteElo "2233"]
[BlackElo "2193"]
[PlyCount "72"]
[EventDate "2016.??.??"]
[WhiteTeam "SG Niederkassel 1"]
[BlackTeam "SF Lieme 1"]

1. d4 Nf6 2. c4 Nc6 3. Nf3 e6 4. a3 d6 5. Nc3 g6 6. e4 Bg7 7. h3 O-O 8. g4 e5
9. d5 Nd4 10. Be2 Re8 11. Be3 Bd7 12. Nd2 Qc8 13. Nf1 h5 14. f3 a6 15. Rc1 b6
16. Kf2 Qd8 17. Kg2 Nh7 18. Qe1 h4 19. Bd3 Bf6 20. Ne2 Nxe2 21. Qxe2 Bg5 22. c5
bxc5 23. Bxa6 Rb8 24. Rc2 Ba4 25. Rd2 Rb6 26. Bc4 Qf6 27. Nh2 Reb8 28. Rb1 Bb3
29. Bxg5 Nxg5 30. Bxb3 Rxb3 31. Qf2 Qf4 32. Re2 c4 33. Rf1 Kg7 34. Rc2 Nxe4 35.
Qxh4 Rxb2 36. fxe4 Rxc2+ 0-1

[Event "SF Lieme 1 - SG Niederkassel 1"]
[Site "NRW-Klasse, Gruppe 2 2015/201"]
[Date "2016.01.10"]
[Round "5.4"]
[White "Schaffarczyk, Andre"]
[Black "Rybarczyk, Klaus"]
[Result "0-1"]
[WhiteElo "2119"]
[BlackElo "2165"]
[PlyCount "40"]
[EventDate "2016.??.??"]
[WhiteTeam "SF Lieme 1"]
[BlackTeam "SG Niederkassel 1"]

1. e4 c5 2. Nf3 d6 3. d4 cxd4 4. Nxd4 Nf6 5. Nc3 a6 6. Bg5 Nbd7 7. f4 Qa5 8.
Qf3 h6 9. Bxf6 Nxf6 10. f5 g5 11. fxg6 fxg6 12. Qg3 Ng4 13. O-O-O Bg7 14. Kb1
Qc5 15. Nb3 Qe5 16. Qe1 O-O 17. Bc4+ e6 18. Rd2 b5 19. Bd3 b4 20. Na4 Bd7 0-1

[Event "SF Lieme 1 - SG Niederkassel 1"]
[Site "NRW-Klasse, Gruppe 2 2015/201"]
[Date "2016.01.10"]
[Round "5.5"]
[White "Stanetzek, Carsten"]
[Black "Stork, Holger"]
[Result "0-1"]
[WhiteElo "2164"]
[BlackElo "2041"]
[Annotator "Hausrath,Daniel"]
[PlyCount "102"]
[EventDate "2016.??.??"]
[WhiteTeam "SG Niederkassel 1"]
[BlackTeam "SF Lieme 1"]

1. e4 d5 2. exd5 Qxd5 3. Nc3 Qd6 4. d4 Nf6 5. Be2 c6 6. Bf3 Bf5 7. Nge2 e6 8.
O-O Be7 9. Bf4 Qd8 10. Ng3 Bg6 11. Nce4 Nxe4 12. Nxe4 Bxe4 13. Bxe4 Bd6 14. Qg4
Bxf4 15. Qxf4 O-O 16. Rfd1 Nd7 17. c4 Nf6 18. Bc2 Qb8 19. Qh4 Rd8 20. Rd3 Rd7
21. Rad1 Qd8 22. h3 g6 23. Qf4 Qe7 24. a3 b5 25. Rf3 Ne8 26. Rc3 $11 Rad8 27.
Qf3 Rc7 28. b4 Kg7 29. Bb3 Qf6 30. Qg3 Rcd7 31. Rf3 Qe7 32. Rfd3 Nd6 33. Qe5+
f6 34. Qc5 Rc7 35. Re1 Nxc4 36. Bxc4 bxc4 37. Qxc4 Rd5 38. Rde3 e5 39. dxe5
Rxe5 40. Rxe5 fxe5 41. f4 Qh4 42. Rxe5 Rd7 43. Rc5 Rd1+ 44. Kh2 Qf2 45. Qe4 Re1
46. Qc2 Qg1+ 47. Kg3 Re3+ 48. Kg4 h5+ 49. Kg5 Rg3+ 50. Kh4 Rxg2 51. Qc3+ Kh7
0-1

[Event "SF Lieme 1 - SG Niederkassel 1"]
[Site "NRW-Klasse, Gruppe 2 2015/201"]
[Date "2016.01.10"]
[Round "5.7"]
[White "Schracke, Guido"]
[Black "Stukenbrok, Nils"]
[Result "1-0"]
[WhiteElo "2072"]
[BlackElo "1959"]
[PlyCount "63"]
[EventDate "2016.??.??"]
[WhiteTeam "SG Niederkassel 1"]
[BlackTeam "SF Lieme 1"]

1. e4 c6 2. Bc4 d5 3. Bb3 Nf6 4. e5 Nfd7 5. d4 e6 6. Nf3 c5 7. c3 b6 8. O-O Ba6
9. Re1 Nc6 10. Be3 Be7 11. h3 Rc8 12. a3 Qc7 13. Ba4 O-O 14. b4 cxd4 15. cxd4
Bc4 16. Bc2 a5 17. Ng5 h6 18. Qh5 axb4 19. Nxe6 fxe6 20. Qg6 Nf6 21. Bxh6 Rf7
22. exf6 Bxf6 23. Rxe6 Re7 24. Qh7+ Kf7 25. Rxf6+ Ke8 26. Qg6+ Rf7 27. Bxg7 b3
28. Nc3 bxc2 29. Re1+ Ne5 30. Rxf7 c1=Q 31. Qe6+ Kd8 32. Rf8# 1-0